000
00337nam a22001457a 4500
003
OSt
005
20231202071445.0
008
231202b |||||||| |||| 00| 0 eng d
040
_c
IIMT UNIVERSITY
100
_a
PADOHAR, HANUMANPRASAD
245
_a
KALYAN
260
_a
GORAKHPUR
_b
GEETA PRESS
_c
1978
300
_a
936
942
_2
ddc
_c
09
999
_c
57746
_d
57746